000 005980000a22002050004500
003 LK-CoMWRAF
005 20240319092954.0
008 230817t1987 ||||| |||| 00| 0 eng d
040 _aLK-CoMWRAF
_dLK-CoMWRAF
_eLK-CoMWRAF
041 _aeng
082 _a305.8
_bATH
100 _aAthulathmudali, Lalith
245 _aThe Future of the Muslims of Sri Lanka
260 _aColombo:
_bSir Razik Fareed Foundation,
_c1987
300 _a32 p.
520 _aSir Razik Fareed 6th birth anniversary lecture
650 _aMUSLIMS-Sri Lanka
650 _aEthnic groups-Sri Lanka-Speeches
942 _cBK
999 _c1998
_d1998